000 00367nam a22001457a 4500
999 _c193490
_d193490
008 221101b ||||| |||| 00| 0 eng d
082 _a333-RAM
100 _aRAMA
245 _aOUR WATER RESOURCES
_hENGLISH
260 _aNEW DELHI
_bA.I.C.B
_cROHINI
270 _aA.I.C.B,ROHINI NEW DELHI
300 _a.
_b.
_c12X13
490 _v1
942 _2ddc
_cBRLEN
_k333
_mRAM